000
00309nam a2200121Ia 4500
082
_a
575:578.087
_b
SIN
100
_a
SINGH, R K
245
0
_a
Biometrical methods in quantitative genetic analysis
260
_a
Ludhiana
_b
Kalyani
_c
1977
650
_a
Genetic analysis
700
_a
CHAUDHARY, B D
942
_c
BK
999
_c
36678
_d
36678